| 000 | 00506nam a22002057a 4500 | ||
|---|---|---|---|
| 003 | Nust | ||
| 005 | 20210810105029.0 | ||
| 008 | 170110b xxu||||| |||| 00| 0 eng d | ||
| 020 | _a0201895536 | ||
| 038 | _akhadija | ||
| 040 | _cc | ||
| 082 |
_a620.1123 _bMAY |
||
| 100 |
_aMay, Michael D. _981368 |
||
| 245 |
_aMechanics of Materials\ _cMichael D. May |
||
| 260 |
_aUnited States: _bPrentice; _c2001. |
||
| 300 |
_a675p:, _b27 cm. |
||
| 500 | _apaperback. | ||
| 563 | _apaper back | ||
| 942 |
_cBK _2ddc |
||
| 999 |
_c31768 _d31768 |
||